| 000 | 00704cab a2200217 4500 | ||
|---|---|---|---|
| 001 | ABS39172 | ||
| 008 | 090401t1988 xxu||||| |||| 00| 0 eng d | ||
| 035 | _a(Sirsi) u14803 | ||
| 041 | _aeng | ||
| 110 |
_aAnthony Williams and Partners _93 |
||
| 245 | _aMontpellier Cheltenham | ||
| 260 | _c1988 | ||
| 350 | _a0 | ||
| 490 |
_aBuilding _v253(7547) 13 May 1988, 49-56(8) |
||
| 520 | _aDescribes a specialist shopping centre combined with flats in Cheltenham . Contractor`s and architects` reports, costs and materials summaries. | ||
| 650 | _aBUILT ENVIRONMENT-BUILDING COSTS | ||
| 650 | _aSPECIALITY SHOPPING | ||
| 690 | _aBUILDING AND CONSTRUCTION-PROJECTS | ||
| 942 | _n0 | ||
| 948 | _c04/03/1997 | ||
| 999 |
_c9664 _d9664 |
||